|
|
|
|
| LEADER |
02161nam a2200373 a 4500 |
| 001 |
AAL1814 |
| 003 |
BD-DhAAL |
| 005 |
20160210174134.0 |
| 008 |
150212s1993 cau b 001 0 eng |
| 010 |
|
|
|a 92017450
|
| 020 |
|
|
|a 0803990006 (pbk. : alk. paper)
|
| 040 |
|
|
|a DLC
|c DLC
|d DLC
|d BD-DhAAL
|
| 050 |
0 |
0 |
|a HM131
|b .R58 1993
|
| 082 |
0 |
0 |
|a 306/.0973
|2 20
|
| 999 |
|
|
|c 33676
|d 33676
|
| 999 |
|
|
|c 33676
|
| 100 |
1 |
|
|a Ritzer, George.
|9 8288
|
| 245 |
1 |
4 |
|a The McDonaldization of society :
|b an investigation into the changing character of contemporary social life /
|c George Ritzer.
|
| 260 |
|
|
|a Newbury Park, Calif. :
|b Pine Forge Press,
|c c1993.
|
| 300 |
|
|
|a xv, 221 p. ;
|c 23 cm.
|
| 504 |
|
|
|a Includes bibliographical references (p. [206]-212) and index.
|
| 541 |
|
|
|e 1814
|
| 650 |
|
0 |
|a Social structure
|z United states.
|9 8326
|
| 650 |
|
0 |
|a Management
|x Social aspects
|z United States.
|9 8327
|
| 650 |
|
0 |
|a Fast food restaurants
|x Social aspects
|z United States.
|9 8328
|
| 650 |
|
0 |
|a Rationalization (Psychology)
|9 8329
|
| 651 |
|
0 |
|a United States
|x Social conditions
|y 1980-
|9 8020
|
| 942 |
|
|
|2 ddc
|c BK
|
| 952 |
|
|
|0 0
|1 0
|2 ddc
|4 0
|6 306_097300000000000_RIT
|7 0
|9 52600
|a SCL
|b SCL
|c GEN
|d 2015-02-12
|e Gift: The Asia Foundation
|l 0
|o 306.0973 RIT
|p 3020001814
|r 2015-02-12
|t 1
|w 2015-02-12
|y BK
|
| 952 |
|
|
|0 0
|1 0
|2 ddc
|4 0
|6 306_097300000000000_RIT
|7 0
|9 52601
|a SCL
|b SCL
|c GEN
|d 2015-02-12
|e Gift: The Asia Foundation
|l 0
|o 306.0973 RIT
|p 3020000290
|r 2015-02-12
|t 2
|w 2015-02-12
|y BK
|
| 952 |
|
|
|0 0
|1 0
|2 ddc
|4 0
|6 306_097300000000000_RIT
|7 0
|9 52602
|a SCL
|b SCL
|c GEN
|d 2015-02-12
|e Gift: The Asia Foundation
|l 0
|o 306.0973 RIT
|p 3020000291
|r 2015-02-12
|t 3
|w 2015-02-12
|y BK
|
| 952 |
|
|
|0 0
|1 0
|2 ddc
|4 0
|6 306_097300000000000_RIT
|7 0
|9 52735
|a SCL
|b SCL
|c GEN
|d 2015-02-21
|e Gift: The Asia Foundation
|l 0
|o 306.0973 RIT
|p 3020001775
|r 2015-02-21
|t 4
|w 2015-02-21
|y BK
|
| 952 |
|
|
|0 0
|1 0
|2 ddc
|4 0
|6 306_097300000000000_RIT
|7 0
|9 52736
|a SCL
|b SCL
|c GEN
|d 2015-02-21
|e Gift: The Asia Foundation
|l 0
|o 306.0973 RIT
|p 3020001392
|r 2015-02-21
|t 5
|w 2015-02-21
|y BK
|
| 952 |
|
|
|0 0
|1 0
|2 ddc
|4 0
|6 306_097300000000000_RIT
|7 0
|9 52877
|a SCL
|b SCL
|c GEN
|d 2015-03-04
|e Gift: The Asia Foundation
|l 0
|o 306.0973 RIT
|p 3020003024
|r 2015-03-04
|t 6
|w 2015-03-04
|y BK
|